Sports Quiz

Random Sports Quiz

Juventus FC Players under Massimiliano Allegri Quiz Stats

Quiz not verified by Sporcle

Challenge
Share
Tweet
Embed
Score 0/53 Timer 12:00
1 Play Today
Hint Answer % Correct
1Gianluigi Buffon
100%
3Giorgio Chiellini
99.2%
19Leonardo Bonucci
98.5%
8Claudio Marchisio
97.7%
6/10Paul Pogba
96.2%
15Andrea Barzagli
95.4%
5Miralem Pjanić
95.3%
33Patrice Evra
94.7%
21Andrea Pirlo
93.9%
21Paulo Dybala
93.9%
23Dani Alves
93.8%
9Gonzalo Higuaí­n
93.8%
17Mario Mandžukić
93.1%
4Medhi Benatia
92.2%
23Arturo Vidal
91.6%
10Carlos Tévez
91.6%
9Morata
90.8%
26Stephan Lichtsteiner
89.3%
11Douglas Costa
85.7%
6Sami Khedira
84.7%
12Alex Sandro
84%
22Kwadwo Asamoah
84%
20Marko Pjaca
82.8%
24Daniele Rugani
79.4%
14Llorente
78.6%
2Mattia De Sciglio
78.6%
21Benedikt Höwedes
78.6%
Hint Answer % Correct
30Rodrigo Bentancur
78.6%
33Federico Bernardeschi
78.6%
4Martín Cáceres
76.3%
16Juan Cuadrado
75.6%
25Neto
74%
30Marco Storari
72.5%
26Stefano Sturaro
72.5%
20Simone Padoin
72.5%
34Rubinho
71%
7Simone Zaza
71%
7Simone Pepe
70.2%
32Alessandro Matri
70.2%
11Hernanes
68.7%
18Mario Lemina
67.2%
23Wojciech Szczęsny
64.3%
14Blaise Matuidi
64.3%
28Tomás Rincón
64.1%
34Moise Kean
60.9%
5Angelo Ogbonna
58.8%
17Paolo De Ceglie
57.3%
38Roberto Pereyra
56.5%
11Kingsley Coman
55.7%
38Luca Marrone
48.1%
2Romulo
34.4%
39Andrea Favilli
12.2%
0%

You're not logged in!

Compare scores with friends on all Sporcle quizzes.
Sign Up with Email
OR
Log In

You Might Also Like...

Show Comments

Extras

Top Quizzes Today


Score Distribution

Your Account Isn't Verified!

In order to create a playlist on Sporcle, you need to verify the email address you used during registration. Go to your Sporcle Settings to finish the process.